| 000 | 03269nam0a2200553 4500 | ||
|---|---|---|---|
| 001 | RU\NLR\BIBL_A\011388108 | ||
| 005 | 20260408073553.0 | ||
| 021 |
_aRU _b2017-23378 _91730 |
||
| 029 | 1 | 0 |
_aRU _b57414-2017 _cГОСТ Р |
| 029 | 1 | 0 |
_aRU _b13583:2012 _cEN |
| 035 | _a(RuMoRGB)008842049 | ||
| 035 | _a(NLR Aleph) 011388108 | ||
| 090 |
_a11439365 _c11439365 |
||
| 100 | _a20170519d2017 k y0rusy50 ca | ||
| 101 | 0 | _arus | |
| 102 | _aRU | ||
| 105 | _aa l 000|y | ||
| 200 | 1 |
_aМатериалы кровельные и гидроизоляционные гибкие битумосодержащие и полимерные (термопластичные и эластомерные) _iМетод определения стойкости к воздействию града _dRoofing and hydraulic-insulating flexible bituminous and polymeric (thermoplastic or elastomer) materials. Method for determination of hail resistance _zeng _eГОСТ Р 57414-2017 _eEN 13583:2012 _fподготовлен Национальным кровельным союзом |
|
| 205 | _aИзд. офиц. | ||
| 210 |
_aМосква _cСтандартинформ _d2017 |
||
| 215 |
_aIV, 7 c. _cил. _d29 |
||
| 225 | 1 |
_aНациональный стандарт Российской Федерации _fФедеральное агентство по техническому регулированию и метрологии |
|
| 239 | _aВвед. 01.07.2017 | ||
| 510 | 1 |
_aRoofing and hydraulic-insulating flexible bituminous and polymeric (thermoplastic or elastomer) materials _zeng |
|
| 510 | 1 |
_aMethod for determination of hail resistance _zeng |
|
| 517 | 1 | _aГОСТ Р 57414-2017 | |
| 517 | 1 | _aEN 13583:2012 | |
| 606 |
_aГидроизоляционные материалы на основе битумов _jСтандарты _91053209 _3RU\NLR\AUTH\66407450 |
||
| 606 |
_aБитуминозные кровельные материалы _jСтандарты _91190149 _3RU\NLR\AUTH\66162300 |
||
| 606 | 1 |
_aГидроизоляционные материалы полимерные _jСтандарты _92298439 _3RU\NLR\AUTH\6601602958 |
|
| 606 |
_aКровельные материалы полимерные _jСтандарты _91433919 _3RU\NLR\AUTH\66606216 |
||
| 610 | 0 | _aкровельные и гидроизоляционные материалы | |
| 610 | 0 | _aгидроизоляционные материалы | |
| 610 | 0 | _aгибкие полимерные материалы | |
| 610 | 0 | _aстойкость к воздействию | |
| 675 | _a692.415.001.4:006.354 | ||
| 686 |
_a91.100.99 _v2000 _2ОКС |
||
| 686 |
_a91.100.99 _2ОКС |
||
| 686 | 1 | _aН360.423я861 | |
| 686 | 1 | _aН360.75я861 | |
| 686 | 1 | _aН307.5я861 | |
| 686 | 1 | _aН370.423я861 | |
| 712 | 0 | 2 |
_4900 _aНациональный кровельный союз _cРоссийская Федерация _3RU\NLR\AUTH\8810149709 _9793974 |
| 712 | 0 | 1 |
_4725 _aРоссийская Федерация _bФедеральное агентство по техническому регулированию и метрологии _3RU\NLR\AUTH\8810064304 _9630205 |
| 942 | _cBOOK | ||
| 980 | _aNBR | ||